| 000 | 00686cam a22001934a 4500 | ||
|---|---|---|---|
| 020 | _a1566706726 (alk. paper) | ||
| 020 | _a9781566706728 (alk. paper) | ||
| 082 | 0 | 0 |
_a363.6 _bAND _cD |
| 245 | 0 | 0 |
_aDrought management and planning for water resources / _cedited by JoaquĆn Andreu ... [et al.]. |
| 260 |
_aBoca Raton : _bTaylor & Francis, _c2006. |
||
| 300 |
_a252 p. : _bill., maps ; _c25 cm. |
||
| 526 |
_a0 _b0 _c0 _d363_600000000000000_AND |
||
| 650 | 0 |
_aDrought management. _926393 |
|
| 650 | 0 |
_aMCE _9379 |
|
| 650 | 0 |
_aWater-supply _xManagement. _92498 |
|
| 700 | 1 |
_aAndreu, J. _938107 |
|
| 856 | 4 | 2 | _uhttp://www.loc.gov/catdir/enhancements/fy0646/2005050550-d.html |
| 942 |
_2ddc _cBK |
||
| 999 |
_c542777 _d542777 |
||